Cartes de la France sous ses dirigeants - Statistiques

Statistiques générales
  • Ce quiz a été pris 69 fois
  • Le résultat moyen est 5 sur 8
Statistiques - réponses
Par images Réponse % Correct
Philippe Pétain +1
97%
Napoléon Bonaparte
89%
Charlemagne
74%
Emmanuel Macron +5
72%
Louis XIV
71%
Louis XV
38%
Napoléon III
25%
Louis-Philippe Ier
15%
Aucun quiz correspondant
Distribution des résultats
% des personnes avec chaque résultat
Percentile par nombre de réponses
Votre historique - résultats
Vous n’avez pas pris ce quiz